| 000 | 00774cam a22002533a 4500 | ||
|---|---|---|---|
| 001 | 566 | ||
| 003 | PGUSA | ||
| 005 | 20140828082950.0 | ||
| 008 | 960601s1996||||xxu|||||s|||||000 | eng d | ||
| 040 |
_aPGUSA _beng |
||
| 042 | _adc | ||
| 050 | 4 | _aD | |
| 100 | 1 |
_aSchiller, Friedrich, _d1759-1805 |
|
| 245 | 1 | 4 |
_aThe History of the Thirty Years' War _h[electronic resource] / _cFriedrich Schiller |
| 260 |
_bProject Gutenberg, _c1996 |
||
| 506 | _aPublic domain in the USA. | ||
| 516 | _aElectronic text | ||
| 653 | _aEurope -- History -- 1517-1648 | ||
| 653 | _aThirty Years' War, 1618-1648 | ||
| 700 | 1 |
_aMorrison, A. J. W. _q(Alexander James William), _d1806-1865 |
|
| 830 | 0 |
_aProject Gutenberg _v566 |
|
| 856 | 4 | 0 | _uhttp://www.gutenberg.org/ebooks/566 |
| 942 | _cEB | ||
| 999 |
_c229917 _d229917 |
||